000
00324nam a2200133Ia 4500
008
190216s9999||||xx |||||||||||||| ||und||
100
_a
Kakar And Vaswani
245
0
_a
Fundamental Of Computer Science
250
_a
2nd Ed.
260
_b
Himalaya Publishing House
_c
1992
300
_a
301
650
_a
Computer
942
_c
BK
999
_c
8578
_d
8578